Enlightenment and Post-Enlightenment in the Romanian area

Bibliographic Details
Main Author: Teodor, Pompiliu (Author)
Format: Article
Language:English
ISBN:8022405248
Subjects:

MARC

LEADER 00000naa a2200000 ar4500
001 vtls009086869
003 SK-MaSNL
005 20260302140929.0
008 070814e1998 xo | ||ab |||| ||eng
015 |a SNBRA2007/08  |2 snkbucl 
038 |a SNKBUCL 
040 |a SNKBUCL  |b slo  |c SNKBUCL  |e AACR2 
041 0 |a eng  |b slo 
044 |a xo  |c SK 
080 |a 94(498)  |x "17/18"  |2 1997 
080 |a 930.85  |x (498)  |x "17/18"  |2 1997 
080 |a 94(498.4)  |x "17/18"  |2 1997 
080 |a 304.2:323.1  |x (498)  |x "17/18"  |2 1997 
100 1 |a Teodor, Pompiliu  |4 aut  |9 827715 
245 1 0 |a Enlightenment and Post-Enlightenment in the Romanian area  |c Pompiliu Teodor 
504 |a Bibliogr. odkazy v poznámkach 
546 |a Res. slov. 
648 7 |a 18.-19. stor.  |2 snkbucl  |9 299191 
650 0 7 |a národné obrodenie  |2 snkbucl  |9 3795 
650 0 7 |a rumunské národné obrodenie  |2 snkbucl  |9 827716 
650 0 7 |a osvietenstvo (filozofia)  |2 snkbucl  |9 4039 
650 0 7 |a postosvietenstvo  |2 snkbucl  |9 827717 
651 7 |a Sedmohradsko  |x dejiny  |2 snkbucl  |9 30524 
651 7 |a Rumunsko  |x dejiny  |2 snkbucl  |9 14451 
655 7 |a štúdie  |2 snkbucl  |9 57033 
773 0 |t Historické štúdie. 39  |d Bratislava : VEDA, 1998  |g S. 93-105  |z 8022405248 
852 |a SNK  |b KIS3GCP 
958 |a NB 
958 |a RO 
999 |c 1333228  |d 1335158